| 000 | 00650nam a2200241 a 4500 | ||
|---|---|---|---|
| 005 | 20210219152858.0 | ||
| 008 | 991125n 000 0 eng u | ||
| 035 | _aUPN01000064889 | ||
| 100 | _aGALLAS, Karen | ||
| 222 | _aHARVARD EDUCATIONAL REVIEW | ||
| 245 | _aArts as epistemology : enabling children to know what they now | ||
| 260 | _aMassachusetts, E.U.A | ||
| 300 | _a40-50 | ||
| 362 | _a1991 Vol. 61, no. 1, feb. | ||
| 653 | 0 | _aAPRENDIZAJE | |
| 653 | 0 | _aARTE | |
| 653 | 0 | _aCONOCIMIENTO | |
| 653 | 0 | _aCURRICULUM | |
| 653 | 0 | _aLENGUAJE | |
| 653 | 0 | _aPROCESO ENSEĆANZA-APRENDIZAJE | |
| 904 |
_aAC _b002700 |
||
| 905 | _aArticulo | ||
| 999 |
_c62798 _d62798 |
||